XV. kongres EHS v Miláne

Bibliographic Details
Main Author: Sninčák, Marian, 1948- (Author)
Format: Article
Language:Slovak
PhysicalDescription:Fotogr.
ISSN:1335-4477
Subjects:

MARC

LEADER 00000nab a2200000 a 4500
001 vtls008425496
003 SK-MaSNL
005 20260304013323.0
008 140303c2005 xo wrzp 0 0slo
015 |a SNBRB2006/01  |2 snkbucl 
040 |a SNKBUCL  |b slo  |c SNKBUCL  |e AACR2 
041 0 |a slo 
044 |a xo  |c SK 
080 |a 616.12-008.33:061.22:061.3  |x (450)  |2 1997 
100 1 |a Sninčák, Marian,  |d 1948-  |4 aut  |9 28440 
245 1 0 |a XV. kongres EHS v Miláne  |c Marian Sninčák 
246 3 |a Pätnásty kongres EHS v Miláne 
300 |b Fotogr. 
610 2 7 |a Európska hypertenziologická spoločnosť  |2 snkbucl  |9 1294172 
648 7 |a 2005  |2 snkbucl  |9 305506 
650 0 7 |a kongresy  |2 snkbucl  |9 19200 
651 7 |a Miláno (Taliansko)  |2 snkbucl  |9 17071 
773 0 |t Zdravotnícke noviny  |g Roč. X, č. 37 (2005)  |x 1335-4477 
773 0 8 |t Lekárske listy  |g Č. 37 (2005), s. 9-15 
852 |a SNK  |b KIS3GCP 
958 |a ME  |2 snkbucl 
958 |a IT  |2 snkbucl 
999 |c 2575300  |d 2577230